000 00761nam a2200265 u 4500
001 000020577
003 DO-SdBNP
005 20170925142440.0
007 000020577
008 100810s1986 dr r 000 p spa d
040 _aBPMSU
_bspa
_cBPMSU
082 4 _aRD861.44
_bF363e
100 1 _aFernández Spencer, Antonio,
_d1922-
245 1 3 _aEn la aurora (1942-1944 /
_cAntonio Fernández Spencer.
260 _aSanto Domingo :
_bSanto Domingo,
_c1986.
300 _a125 p. ;
_c18 cm.
490 1 _aOrfeo
500 _aIncluye datos biográficos del autor
650 4 _aPOESÍA DOMINICANA
650 4 _aLITERATURA DOMINICANA
830 0 _aOrfeo
942 _2ddc
_cBK
945 _a Inventariado / 2017 VM
956 _aVMATEO
_b10
_c20160804
_lBPMSU
_h0069
999 _c7218
_d7218